000 01764nam a2200385Ia 4500
001 ebr10614675
003 CaPaEBR
006 m u
007 cr cn|||||||||
008 120317s2012 lauab sb 001 0 eng
010 _z 2012006530
020 _z9780807145838 (cloth : alk. paper)
020 _z9780807145845 (pdf)
020 _z9780807145852 (epub)
020 _z9780807145869 (mobi)
040 _aCaPaEBR
_cCaPaEBR
035 _a(OCoLC)814271001
050 1 4 _aUA12.5
_b.B87 2012eb
082 0 4 _a623.4/51190287
_223
100 1 _aBurke, David Allen,
_d1967-
245 1 0 _aAtomic testing in Mississippi
_h[electronic resource] :
_bProject Dribble and the quest for nuclear weapons treaty verification in the Cold War era /
_cDavid Allen Burke.
246 3 0 _aProject Dribble and the quest for nuclear weapons treaty verification in the Cold War era
260 _aBaton Rouge :
_bLouisiana State University Press,
_cc2012.
300 _aix, 194 p. :
_bill., maps.
504 _aIncludes bibliographical references and index.
533 _aElectronic reproduction.
_bPalo Alto, Calif. :
_cebrary,
_d2011.
_nAvailable via World Wide Web.
_nAccess may be limited to ebrary affiliated libraries.
650 0 _aNuclear arms control
_xVerification
_xHistory.
650 0 _aNuclear weapons
_xTesting
_xDetection
_xResearch
_xHistory.
650 0 _aUnderground nuclear explosions
_xDetection
_xResearch
_xHistory.
650 0 _aUnderground nuclear explosions
_zMississippi
_xHistory.
651 0 _aLamar County (Miss.)
_xHistory
_y20th century.
655 7 _aElectronic books.
_2local
710 2 _aebrary, Inc.
856 4 0 _uhttp://site.ebrary.com/lib/rucke/Doc?id=10614675
_zAn electronic book accessible through the World Wide Web; click to view
999 _c100248
_d100248